| 000 | 00718nam a2200253 a 4500 | ||
|---|---|---|---|
| 008 | |||
| 020 | _a9780471408260 (pbk.) | ||
| 049 | _aMAIN | ||
| 090 |
_aQA303 _bCAL |
||
| 245 | 1 | 0 |
_aCalculus / _cDeborah Hughes-Hallet [...et al.] |
| 260 |
_aNew york : _bJohn Wiley &sons, _c2002. |
||
| 300 | _a3rd ed. | ||
| 300 |
_axvi, 623 p. : _bill. ; _c25 cm. |
||
| 504 | _aIncludes bibliographical references. | ||
| 500 | _aIncludes index. | ||
| 650 | 1 | _aMathematics. | |
| 700 | _aHughes-Hallet, Deborah. | ||
| 700 | _aMcCallum G. William. | ||
| 907 |
_a.b10343593 _b30-06-14 _c25-06-14 |
||
| 003 | |||
| 005 | 20230123122058.0 | ||
| 040 | _cNUST | ||
| 942 |
_cBOOKS _kQA303 _mCAL |
||
| 999 |
_c127416 _d127416 |
||